Регионална библиотека "Любен Каравелов" - Русе

De Lèducation des filles (Запис номер 402298)

MARC детайли
000 -Лидер
Контролно поле с фиксирана дължина nam a22 a 4500
003 - Код на организацията, давaща контролен номер
Контролно поле BLK
005 - Дата и час на последна редакция
Контролно поле 20210928155423.0
008 - Елементи от данни с фиксирана дължина
fixed length control field 210324b bu |||||r|||| 00| | bu d
040 ## - Източник на каталожния запис
Идентификатор на билиотеката - собственик на записа BLK
041 ## - Код за език
Код за езика на текст/звукозапис или на отделно заглавие Български
Код за езика КДБФ Български
080 ## - УДК
Текстов определител УДК Възпитание. Образование. Просвета. Организация на свободното време. Вж и 003;021. 3;159. 9;612;613;727
УДК код - определител по УДК 37
УДК определител (44)
УДК - код + определител 37(44)
100 ## - Редна дума - Автор
R(LIN) 1299
Автор Fenelon, Francois de Salignac de la Mothe
Авторска отговорност първи автор
139 ## - Редно поле
Редна дума Fenelon, Francois de Salignac de la Mothe
245 ## - Сведения за заглавието
Заглавие De Lèducation des filles
Подзаглавни данни texte revu sur les meilleures edition et annote
Редно поле (дума) Fenelon ; Paul Feuilleret
260 ## - Област на издателските данни
9 (RLIN) 443444
Място на издаване, разпространение и проч. Paris
Име на издателя, разпространителя и проч. Librairie Garnier Freres
Година на издаване 1883
300 ## - Физическа характеристика
Страници 171с.
Размери/Мащаб 19 см
380 ## - Жанр
Жанр Обществени науки
490 ## - СЕРИИ (Колекции)
9 (RLIN) 435080
Име на серия Колекция Редки и ценни издания
650 #7 - Допълнително описание по предмет – тема
9 (RLIN) 164439
Основно описание – тема или топоним Образование
650 #7 - Допълнително описание по предмет – тема
9 (RLIN) 152929
Основно описание – тема или топоним Девойки - образование
653 #7 - Ключова дума – ненормативна
9 (RLIN) 191339
Ключова дума момичета
653 #7 - Ключова дума – ненормативна
9 (RLIN) 184678
Ключова дума девойки
700 ## - Други автори (авторска отговорност)
9 (RLIN) 1311
Лично име Feuilleret, Paul
Автороска отговорност (Описва отношението между автора и произведението) ред.
852 ## - Местоположение
Форматна сигнатура Рф 883
Фондова буква Редки и ценни
999 ## - СИСТЕМНИ КОНТРОЛНИ НОМЕРА
Koha biblionumber 402298
Koha biblioitemnumber 402298
942 ## - АРТИКУЛИ
Вид на библиотечния материал Книги
Скрит в OPAC Не
Периодичен библиозапис Да
944 ## - СЪЗДАВАНЕ И РЕДАКЦИЯ на ЗАПИСА
Създаване/Редакция Създаване
Дата на регистрацията/редакция 2021-03-24
Служител, извършил регистрацията/редакцията Микаела Микова - Илиева
Статус, дата на статуса 2021-03-24
999 ## - СИСТЕМНИ КОНТРОЛНИ НОМЕРА
Koha biblioitemnumber 402298
999 ## - СИСТЕМНИ КОНТРОЛНИ НОМЕРА
Koha biblioitemnumber 402298
999 ## - СИСТЕМНИ КОНТРОЛНИ НОМЕРА
Koha biblioitemnumber 402298
Наличности
Код за отписване Код за изгубен артикул Източник на класификационната схема Код за повреда Коз за рестрикции Код за отдаване Артикулен № Име на библиотеката - собственик Име на библиотеката, в която се намира в момента Статус (Текущо местоположение) Дата на вписване в системата Местоположение - отдел Цена в лева Инвентарен номер Систематично азбучна сигнатура Баркод Цена в евро Служебен тип на артикула
  Не е изгубен Universal Decimal Classification Не е повреден само за читалня Специални фондове ( старопечатни, редки и ценни, фонд М. Арнаудов) 856179 Регионална библиотека "Любен Каравелов" Русе Регионална библиотека "Любен Каравелов" Русе Редки и ценни 2021-09-28 Редки и ценни 0.34 13059/58 Рф 883 900000042204 0.17 Книги
Vip Innovations Ltd, Rousse, Bulgaria 2025